| 000 | 00934nam a22002297a 4500 | ||
|---|---|---|---|
| 999 |
_c1320 _d1320 |
||
| 003 | AR-CdUCM | ||
| 008 | 190226b ||||| |||| 00| 0 spa d | ||
| 040 |
_aMUNICIPALIDAD PROVINCIAL DEL CUSCO _cBIBLIOTECA MUNICIPAL DEL CUSCO |
||
| 041 | _heng | ||
| 082 |
_a321.4 / _bSC29 |
||
| 100 |
_aSchattschneider, E. E. _95075 |
||
| 245 |
_aEl Pueblo semisoberano : _bla democracia Norteamericana vista por un hombre práctico / |
||
| 260 |
_aMéxico : _bUTEHA, _c1967. |
||
| 300 |
_a194, 11 páginas ; _bgráficos _c17 cm., |
||
| 505 | _aContenido: Lo contagioso del conflicto -- El alcance y la tendencia del sistema de presión -- A que hacemos el juego? -- El desplazamiento de los conflictos -- La nacionalización de la política ... | ||
| 650 |
_aOrganización Política _95076 |
||
| 650 |
_aTeoría _95077 |
||
| 650 |
_aNorteamérica _95078 |
||
| 700 |
_aMireles, Rafael (traducción) _95079 |
||
| 942 |
_2ddc _cLIBROS |
||
| 945 | _aachl | ||